Energy performance certificates (Record no. 80617)
[ view plain ]
| 000 -LEADER | |
|---|---|
| fixed length control field | 01154cab a22001935a 4500 |
| 001 - CONTROL NUMBER | |
| control field | L144859 |
| 008 - FIXED-LENGTH DATA ELEMENTS--GENERAL INFORMATION | |
| fixed length control field | 080814s2008 xxk f 000 0 eng d |
| 035 ## - SYSTEM CONTROL NUMBER | |
| System control number | (Sirsi) u144859 |
| 041 0# - LANGUAGE CODE | |
| Language code of text/sound track or separate title | eng |
| 100 1# - MAIN ENTRY--PERSONAL NAME | |
| Personal name | Dickins, Jon |
| 245 00 - TITLE STATEMENT | |
| Title | Energy performance certificates |
| Remainder of title | time for commercial property to get HIP? |
| 260 ## - PUBLICATION, DISTRIBUTION, ETC. | |
| Date of publication, distribution, etc. | 2008 |
| 490 ## - SERIES STATEMENT | |
| Series statement | Journal of Property Law |
| Volume/sequential designation | (6) 2008, 751-754(4) |
| 520 ## - SUMMARY, ETC. | |
| Summary, etc. | Article discusses energy performance certificates (EPCs) for commercial buildings and provides general information on the phased introduction of EPCs and factors for consideration for both landlords and tenants. Also provides some definitions and looks at whether or not EPCs will affect the rental value of buildings in future. While the legislation does not hold landlords to make any suggested improvements, the author suggests that it seems reasonable to assume that tenants may try and negotiate lower leases for properties that achieve low scores for their EPCs. |
| 650 24 - SUBJECT ADDED ENTRY--TOPICAL TERM | |
| Topical term or geographic name entry element | ENERGY PERFORMANCE CERTIFICATES |
| 651 #4 - SUBJECT ADDED ENTRY--GEOGRAPHIC NAME | |
| Geographic name | United Kingdom |
| Chronological subdivision | |
| 690 ## - LOCAL SUBJECT ADDED ENTRY--TOPICAL TERM (OCLC, RLIN) | |
| Topical term or geographic name as entry element | ENVIRONMENTAL AND LAND CONSULTANCY-ENERGY-ENERGY USE-ENERGY EFFICIENCY |
| 942 ## - ADDED ENTRY ELEMENTS (KOHA) | |
| Suppress in OPAC | 0 |
| Withdrawn status | Lost status | Source of classification or shelving scheme | Damaged status | Not for loan | Home library | Current library | Shelving location | Date acquired | Total Checkouts | Full call number | Barcode | Date last seen | Copy number | Price effective from | Koha item type |
|---|---|---|---|---|---|---|---|---|---|---|---|---|---|---|---|
| Dewey Decimal Classification | London | London | Journal article | 14/08/2008 | L144859 | 144859-1001 | 06/08/2019 | 1 | 06/08/2019 | Journal article |